El castellano lengua de hispanidad

Gespeichert in:
Bibliographische Detailangaben
1. Verfasser: Agüero Chaves, Arturo
Format: Buch
Sprache:Undetermined
Veröffentlicht: San José, Costa Rica Academia costarricense de la lengua 1977
Schlagworte:
Tags: Tag hinzufügen
Keine Tags, Fügen Sie den ersten Tag hinzu!

MARC

LEADER 00000nam a2200000Ia 4500
008 170316s9999 xx 000 0 und d
090 |a 801 A-3c 
100 |a Agüero Chaves, Arturo 
245 |a El castellano lengua de hispanidad 
260 |a San José, Costa Rica 
260 |b Academia costarricense de la lengua 
260 |c 1977 
300 |a 16 páginas 
650 |a TEORÍA LITERARIA 
650 |a LENGUA ESPAÑOLA 
650 |a DISCURSO 
999 |c 20044  |d 20044 
040 |a cru BVZT 
942 |c 15 D  |h 801 A-3c  |2 z